Famous quotes missing vowels Quiz Stats

 Plays Quiz not verified by Sporcle

Also try: The Only Letter
Challenge
Share
Tweet
Embed
Score 0/20 Timer 08:00
0 Plays Today
consonants full quote/missing letters % Correct
flt lk _ bttrfly stng lk _ bfloat like a butter fly sting like a bee
65.8%
ll y nd s lvall you need is love
63.2%
lv s dng smll thngs wth grt lvlove is doing small things with great love
55.3%
y'r nly sppsd t blw th bldy drs ffyou're only supposed to blow the bloody doors off
52.6%
m plyng ll th rght nts bt nt ncssrly n th rght rdri'm playing all the right notes, but not necessarily in the right order
47.4%
ll fr n nd n fr llall for one and one for all
47.4%
dgs nvr bt m. jst hmnsdogs never bite me. Just humans
44.7%
_ chld msdctd s _ chld lsta child miseducated is a child lost
39.5%
nvr ws s mch wd by s mny t s fwnever was so much owed by so many to so few
36.8%
mtn s trnqltymotion is tranquility
34.2%
consonants full quote/missing letters % Correct
sng s nt lwys blvngseeing is not always believing
28.9%
n y fr n y nly mks th whl wrld blndan eye for an eye only makes the whole world blind
26.3%
m _ nt dstryng my nms whn _ mk frnds f thm?am I not destroying my enemies when i make friends of them?
23.7%
n mn s rch ngh t by bck hs pstno man is rich enough to buy back his past
23.7%
n th nd vrythng s _ ggin the end everything is a gag
21.1%
mbtn shld b md f strnr stffambition should be made of sterner stuff
21.1%
ngr dwlls n th bsm f flsanger dwells in the bosom of fools
18.4%
smtms lf hts y n th hd wth _ brck. Dnt ls fthsometimes life hits you in the head with a brick. Don't lose faith
18.4%
rt s _ l tht mks s rls th trthart is a lie that makes us realise the truth
15.8%
gns s n tnth nsprtn nd nn tnths prsprtngenius is one tenth inspiration and nine tenths perspiration
10.5%

You're not logged in!

Compare scores with friends on all Sporcle quizzes.
Join for Free
OR
Log In

You Might Also Like...

Show Comments

Extras

Top Quizzes Today


Score Distribution

Your Account Isn't Verified!

In order to create a playlist on Sporcle, you need to verify the email address you used during registration. Go to your Sporcle Settings to finish the process.

Report this User

Report this user for behavior that violates our Community Guidelines.

Details: